Fusionfall Retro Nanos - Statistics

General Stats
  • This quiz has been taken 10 times
  • The average score is 30 of 36
Answer Stats
Level Answer % Correct
Level 7 Dee Dee
100%
Level 32 Ed
100%
Level 9 Edd
100%
Level 3 Eddy
100%
Level 34 Samurai Jack
100%
Level 14 Bloo
89%
Level 5 Blossom
89%
Level 1 Buttercup
89%
Level 26 Coco
89%
Level 22 Dexter
89%
Level 4 Eduardo
89%
Level 30 Juniper Lee
89%
Level 27 Mac
89%
Level 19 Mojo Jojo
89%
Level 8 Numbuh Five
89%
Level 31 Numbuh Four
89%
Level 18 Numbuh One
89%
Level 28 Numbuh Three
89%
Level 2 Numbuh Two
89%
Level 12 Professor Utonium
89%
Level 6 Wilt
89%
Level 35 Aku
78%
Level 11 Billy
78%
Level 15 Bubbles
78%
Level 16 Demongo
78%
Level 21 Grim
78%
Level 13 Him
78%
Level 20 Mandark
78%
Level 25 Mandy
78%
Level 10 Megas
78%
Level 23 Vilgax
78%
Level 33 Courage
67%
Level 17 Four Arms
67%
Level 36 Humungousaur
67%
Level 29 Hex
56%
Level 24 Swampfire
44%
No matching quizzes found
Score Distribution
Percent of People with Each Score
Percentile by Number Answered
Your Score History
You have not taken this quiz